| 000 | 00488nam a22001817a 4500 | ||
|---|---|---|---|
| 999 |
_c160020 _d160020 |
||
| 005 | 20190112171630.0 | ||
| 010 | _aB-017557 | ||
| 020 |
_a0333933311 _c145.00 |
||
| 035 | _aB-017557 | ||
| 037 | _bMacmillan | ||
| 082 | _a338.620 | ||
| 100 | _aMathur. B.P. | ||
| 245 |
_aPublic enterprise managment / _cB.P. Mathur |
||
| 250 | _aSecond Edition | ||
| 260 |
_aDelhi _bMacmillan _c1993 |
||
| 300 |
_a306p. (it inculde index.) _c22cm(pbk) |
||
| 942 |
_2ddc _cEN _h538.620 |
||